Movies Quiz

Random Movies or Actor Quiz

Movie Name Swap Quiz Stats

 Plays Quiz Updated Sep 21, 2018

Also try: Movie Name Swap II
Challenge
Share
Tweet
Embed
Score 0/36 Timer 08:00
0 Plays Today
Name-swapped Title Real Title % Correct
The Curious Case of Brad PittThe Curious Case of Benjamin Button
87.2%
There's Something about CameronThere's Something about Mary
85.1%
Kill DavidKill Bill
85.1%
When Billy Met MegWhen Harry Met Sally
84.7%
Forgetting Kristen BellForgetting Sarah Marshall
80%
Mike's WorldWayne's World
78.7%
What's Eating Johnny Depp?What's Eating Gilbert Grape?
74.1%
Steve AlmightyEvan Almighty
73%
Simon of the DeadShaun of the Dead
69.2%
Arnold the BarbarianConan the Barbarian
67.5%
The Jim ShowThe Truman Show
65.4%
Tom Hanks' WarCharlie Wilson's War
56.9%
Geena & SusanThelma & Louise
55.9%
Mia's BabyRosemary's Baby
52.3%
MATTHEWtvEDtv
48.9%
Julia RobertsErin Brockovich or Mary Reilly
47.6%
The Big HuddlestonThe Big Lebowski
47.4%
Amy & MerylJulie & Julia
44.9%
Name-swapped Title Real Title % Correct
Michael and Kat's Infinite PlaylistNick and Norah's Infinite Playlist
43.4%
The Steve McQueen AffairThe Thomas Crown Affair
41.8%
About NicholsonAbout Schmidt
40.5%
The World According to WilliamsThe World According to Garp
36.4%
KingsleyGandhi
35.5%
Faye and WarrenBonnie and Clyde
34.6%
Tom CruiseJerry Maguire
34.5%
The Life Aquatic with Bill MurrayThe Life Aquatic with Steve Zissou
33.4%
Mira and Lisa's High School ReunionRomy and Michele's High School Reunion
33.3%
George ClooneyMichael Clayton
32.3%
Diane KeatonAnnie Hall
32.2%
Kathleen Got MarriedPeggy Sue Got Married
29.7%
Stallone & RussellTango & Cash
21.7%
Broadway Woody AllenBroadway Danny Rose
11.6%
Bud and RuthHarold and Maude
10.4%
Robert & Natalie & Elliott & Dyan Bob & Carol & Ted & Alice
10.1%
Sean and AudreyRobin and Marian
4.6%
Katharine and SpencerPat and Mike
4.1%

You're not logged in!

Compare scores with friends on all Sporcle quizzes.
Join for Free
OR
Log In

You Might Also Like...

Show Comments

Extras

Top Quizzes Today


Score Distribution

Your Account Isn't Verified!

In order to create a playlist on Sporcle, you need to verify the email address you used during registration. Go to your Sporcle Settings to finish the process.

Report this User

Report this user for behavior that violates our Community Guidelines.

Details: